000 00294nam a22001217a 4500
008 230704b xxu||||| |||| 00| 0 eng d
082 _a362.1
_bWHO 2003
245 _aBulletin
_bWorld Health Organization
260 _bWHO
_c2003
300 _a159p
440 _n12
_v81
_x02512432
942 _2ddc
_cBK
999 _c3794
_d3794